Religion Quiz

Random Religion or Bible Quiz

Renamed in the Bible Quiz Stats

 Plays Quiz not verified by Sporcle

Support Sporcle.
Go Orange.
Score 0/13 Timer 03:00
0 Plays Today
% Correct
Abraham
82.3%
Sarah
74.3%
Paul
69.7%
Israel
61.2%
Peter
60.9%
Meshach
60.4%
Esther
46.5%
Didymus
42.5%
Belteshazzar
41.7%
Levi
38.5%
Abednego
34.2%
Shadrach
34.2%
Caiaphas
31.8%

You're not logged in!

Compare scores with friends on all Sporcle quizzes.
OR
Log In

From the Vault

Italian Food Etymology

by Tootsnsuch

And here we thought all these Italian food names just translated into 'delicious'.
Remove Ads.
Support Sporcle.
Get the best of Sporcle when you Go Orange. This ad-free experience offers more features, more stats, and more fun while also helping to support Sporcle. Thank you for becoming a member.

Show Comments

Extras

Top Quizzes Today


Score Distribution

Your Account Isn't Verified!

In order to create a playlist on Sporcle, you need to verify the email address you used during registration. Go to your Sporcle Settings to finish the process.

Report this User

Report this user for behavior that violates our Community Guidelines.

Details: